Statistics for Significantly Mutually Intelligible Languages

Click here to take the quiz!

General Stats

  • This quiz has been taken 108 times
  • The average score is 8 of 11

Answer Stats

HintAnswer% Correct
SerbianCroatian
96%
CzechSlovak
91%
CorsicanItalian
85%
HindiUrdu
83%
MalayIndonesian
80%
BulgarianMacedonian
75%
KarelianFinnish
64%
PortugueseGalician
62%
Algerian ArabicMoroccan Arabic
62%
EnglishScots
60%
KonkaniMarathi
21%

Score Distribution

Percentile by Number Answered

Percent of People with Each Score

Your Score History

You have not taken this quiz